[Event "Warsaw AIG Life rapid"]
[Site "Warsaw"]
[Date "2005.12.18"]
[Round "10"]
[White "Papin, Vasily"]
[Black "Marszalek, Rafal"]
[Result "1-0"]
[WhiteElo "2425"]
[BlackElo "2200"]
[PlyCount "98"]
[EventDate "2005.12.17"]
[EventType "swiss (rapid)"]
[EventRounds "13"]
[EventCountry "POL"]
[SourceTitle "CBM 110 Extra"]
[Source "ChessBase"]
[SourceDate "2006.03.10"]
[SourceVersion "2"]
[SourceVersionDate "2006.03.10"]
[SourceQuality "1"]

1. e4 e6 2. d4 d5 3. Nd2 c5 4. exd5 exd5 5. Ngf3 Nc6 6. Bb5 Bd6 7. 0-0 Nge7 8. dxc5 Bxc5 9. Nb3 Bb6 10. Re1 0-0 11. Bg5 h6 12. Bh4 g5 13. Bg3 f5 14. Be5 g4 15. Bxc6 Nxc6 16. Nfd4 Re8 17. Nxc6 bxc6 18. Qd2 Kh7 19. Bd4 Bd7 20. c3 Qg5 21. Qd3 Re4 22. Nd2 Rxe1+ 23. Rxe1 Re8 24. Rxe8 Bxe8 25. Be3 Bxe3 26. fxe3 Bg6 27. Qd4 Qe7 28. Nb3 Be8 29. Nc5 Kg6 30. b4 Qf6 31. Qd2 Qe5 32. a4 h5 33. a5 h4 34. Nd3 Qf6 35. g3 h3 36. Kf2 Kh7 37. Nc5 Kg6 38. Ke1 Qe5 39. Kd1 Kh7 40. Kc1 Kg7 41. Kb2 Kh7 42. Qe2 Kg6 43. Kc2 Kh6 44. Kd2 Kg6 45. Qa6 Qe7 46. Qc8 Kg5 47. a6 Kf6 48. Qb8 Kf7 49. Nb7 Kf8 1-0

[Event "Ljubljana op 14th"]
[Site "Ljubljana"]
[Date "2003.06.25"]
[Round "6"]
[White "Lenic, Luka"]
[Black "Marszalek, Rafal"]
[Result "1-0"]
[WhiteElo "2399"]
[BlackElo "2226"]
[PlyCount "77"]
[EventDate "2003.06.21"]
[EventType "swiss"]
[EventRounds "9"]
[EventCountry "SLO"]
[SourceTitle "EXT 2004"]
[Source "ChessBase"]
[SourceDate "2003.11.25"]
[SourceVersion "1"]
[SourceVersionDate "2003.11.25"]
[SourceQuality "1"]

1. e4 e6 2. d4 d5 3. Nd2 c5 4. Ngf3 Nc6 5. exd5 exd5 6. Bb5 Bd6 7. dxc5 Bxc5 8. Nb3 Bb6 9. 0-0 Nge7 10. Re1 0-0 11. Be3 Bf5 12. c3 Be4 13. Bd3 Bxe3 14. Rxe3 Nf5 15. Re1 Re8 16. Bf1 Qf6 17. Nfd2 Nd6 18. Nc5 Qg6 19. Ncxe4 dxe4 20. f4 exf3 21. Qxf3 Qf5 22. Bd3 Qxf3 23. Nxf3 Rxe1+ 24. Rxe1 h6 25. Kf2 Kf8 26. Rc1 Re8 27. b4 g5 28. a3 Ne4+ 29. Kf1 Nd6 30. Re1 Rxe1+ 31. Kxe1 Ke7 32. Ke2 Kf6 33. c4 Ne5 34. c5 Nxd3 35. Kxd3 Nf5 36. g4 Ne7 37. Ke4 Ke6 38. Nd4+ Kd7 39. Ke5 1-0

[Event "Moscow2"]
[Site "Moscow"]
[Date "1991.??.??"]
[Round "?"]
[White "Ivanov, MD."]
[Black "Marszalek, Rafal"]
[Result "1-0"]
[WhiteElo "2280"]
[BlackElo "2275"]
[PlyCount "113"]
[EventDate "1991.??.??"]
[EventType "tourn"]
[EventRounds "11"]
[EventCountry "URS"]
[EventCategory "5"]
[SourceTitle "CBM 021 Extra"]
[Source "ChessBase"]
[SourceDate "1991.05.01"]
[SourceVersion "1"]
[SourceVersionDate "1991.05.01"]
[SourceQuality "1"]

1. Nf3 d5 2. g3 c6 3. c4 Nf6 4. Bg2 Bf5 5. cxd5 cxd5 6. Nc3 Nc6 7. Qb3 Bc8 8. d3 e6 9. 0-0 Be7 10. Bf4 0-0 11. Rfc1 d4 12. Na4 Nd5 13. Bd2 h6 14. a3 Bf6 15. Rc2 a6 16. Rac1 g5 17. h3 Bg7 18. h4 g4 19. Nh2 f5 20. Bxd5 Qxd5 21. Qxd5 exd5 22. Nb6 Ra7 23. Nxd5 Be6 24. Rc5 Rf7 25. Nf4 Bb3 26. Re1 Ra8 27. Rcc1 Rd8 28. Nf1 Rfd7 29. Nh5 Rd5 30. Bf4 Kf7 31. Nd2 Rb5 32. Nxg7 Kxg7 33. Nxb3 Rxb3 34. Rc2 h5 35. Bc1 Kg6 36. Rc5 Rd7 37. Kf1 Rd8 38. Rd1 Rd7 39. Ke1 Re7 40. Rd5 Re6 41. Kd2 Rb5 42. Rxb5 axb5 43. b4 Rd6 44. Bb2 Kf7 45. Rc1 Ke6 46. e3 dxe3+ 47. fxe3 Rd8 48. Ke2 Rd6 49. e4 fxe4 50. dxe4 Ne5 51. Bxe5 Kxe5 52. Rc5+ Kxe4 53. Rxb5 Kd4 54. Rxh5 Re6+ 55. Kf2 Re3 56. Rg5 Re4 57. h5 1-0

[Event "Moscow2"]
[Site "Moscow"]
[Date "1991.??.??"]
[Round "?"]
[White "Olbrich, Joachim"]
[Black "Marszalek, Rafal"]
[Result "1/2-1/2"]
[WhiteElo "2360"]
[BlackElo "2275"]
[PlyCount "32"]
[EventDate "1991.??.??"]
[EventType "tourn"]
[EventRounds "11"]
[EventCountry "URS"]
[EventCategory "5"]
[SourceTitle "CBM 021 Extra"]
[Source "ChessBase"]
[SourceDate "1991.05.01"]
[SourceVersion "1"]
[SourceVersionDate "1991.05.01"]
[SourceQuality "1"]

1. e4 c5 2. Nf3 Nc6 3. d4 cxd4 4. Nxd4 g6 5. Nc3 Bg7 6. Be3 Nf6 7. f3 0-0 8. g4 e6 9. Qd2 d5 10. g5 Nh5 11. 0-0-0 Nxd4 12. Bxd4 Bxd4 13. Qxd4 Qxg5+ 14. Kb1 Qf6 15. exd5 Qxd4 16. Rxd4 exd5 1/2-1/2

[Event "Warsaw Legion op"]
[Site "Warsaw"]
[Date "1990.??.??"]
[Round "?"]
[White "Szymanski, Andrzej"]
[Black "Marszalek, Rafal"]
[Result "0-1"]
[WhiteElo "2235"]
[BlackElo "2300"]
[PlyCount "100"]
[EventDate "1990.??.??"]
[EventType "swiss"]
[EventRounds "9"]
[EventCountry "POL"]
[SourceTitle "EXT 1997"]
[Source "ChessBase"]
[SourceDate "1996.11.15"]
[SourceVersion "1"]
[SourceVersionDate "1996.11.15"]
[SourceQuality "1"]

1. e4 c5 2. Nf3 Nc6 3. d4 cxd4 4. Nxd4 g6 5. c4 Nf6 6. Nc3 Nxd4 7. Qxd4 d6 8. Be3 Bg7 9. Be2 0-0 10. Qd2 Be6 11. 0-0 Qa5 12. Rac1 Rfc8 13. b3 a6 14. f3 b5 15. Nd5 Qxd2 16. Bxd2 Nxd5 17. cxd5 Bd4+ 18. Kh1 Bd7 19. Rxc8+ Rxc8 20. Rc1 Rxc1+ 21. Bxc1 a5 22. g3 f6 23. Kg2 Kf7 24. Bd2 b4 25. Bc1 Ke8 26. h4 Kd8 27. h5 gxh5 28. a3 bxa3 29. Bxa3 Bc5 30. Bc1 Ke8 31. Bd2 Bb6 32. Kh2 Kf7 33. Kg2 e5 34. Bd3 Kg6 35. Bc3 f5 36. Bc4 fxe4 37. fxe4 Bg4 38. Bd3 Bd1 39. Bc4 Kg5 40. Bd2+ Kg4 41. Bd3 Bf3+ 42. Kh2 Bf2 43. Bxa5 Bxg3+ 44. Kg1 h4 45. Bb5 Bxe4 46. Bd7+ Kf3 47. Be6 Bc2 48. b4 Be1 49. Bd8 Kg3 50. Bb6 h3 0-1

[Event "Legion op 6th"]
[Site "Warsaw"]
[Date "1989.01.17"]
[Round "6"]
[White "Danailov, Silvio"]
[Black "Marszalek, Rafal"]
[Result "1/2-1/2"]
[WhiteElo "2385"]
[BlackElo "2300"]
[PlyCount "32"]
[EventDate "1989.01.12"]
[EventType "swiss"]
[EventRounds "11"]
[EventCountry "POL"]
[SourceTitle "EXT 1997"]
[Source "ChessBase"]
[SourceDate "1996.11.15"]
[SourceVersion "1"]
[SourceVersionDate "1996.11.15"]
[SourceQuality "1"]

1. Nf3 c5 2. g3 g6 3. Bg2 Bg7 4. 0-0 e5 5. c3 Nc6 6. d4 cxd4 7. cxd4 exd4 8. Bf4 Nge7 9. Na3 0-0 10. Nb5 d5 11. Nc7 Rb8 12. Qb3 Bg4 13. Nb5 Ra8 14. Rfd1 Na5 15. Qb4 Nec6 16. Qe1 Rc8 1/2-1/2

[Event "Legion op 6th"]
[Site "Warsaw"]
[Date "1989.01.14"]
[Round "3"]
[White "Marszalek, Rafal"]
[Black "Gross, Stefan"]
[Result "1-0"]
[WhiteElo "2300"]
[BlackElo "2425"]
[PlyCount "68"]
[EventDate "1989.01.12"]
[EventType "swiss"]
[EventRounds "11"]
[EventCountry "POL"]
[SourceTitle "EXT 1997"]
[Source "ChessBase"]
[SourceDate "1996.11.15"]
[SourceVersion "1"]
[SourceVersionDate "1996.11.15"]
[SourceQuality "1"]

1. d4 Nf6 2. Nf3 c5 3. c3 Qc7 4. g3 b6 5. Bg2 Bb7 6. 0-0 d6 7. Bg5 Nbd7 8. a4 a6 9. Nbd2 h6 10. Bxf6 Nxf6 11. Re1 e6 12. e4 Be7 13. e5 dxe5 14. dxe5 Nd5 15. Qb3 0-0 16. Nc4 Bc6 17. Ne3 Nxe3 18. Rxe3 Rfd8 19. Re2 Rd3 20. Ne1 Bxg2 21. Nxg2 c4 22. Qc2 Rad8 23. Ne3 b5 24. axb5 axb5 25. Nf1 Bc5 26. Rae1 Qd7 27. Re4 Qd5 28. Qe2 Qa8 29. Rf4 R8d7 30. Re4 Rd1 31. Rxd1 Rxd1 32. Rf4 Qa1 33. b4 cxb3 34. Qxb5 Rxf1+ 1-0

[Event "Warsaw op"]
[Site "Warsaw"]
[Date "1988.??.??"]
[Round "?"]
[White "Kholmov, Ratmir D"]
[Black "Marszalek, Rafal"]
[Result "1-0"]
[WhiteElo "2450"]
[BlackElo "2310"]
[PlyCount "113"]
[EventDate "1988.??.??"]
[EventType "swiss"]
[EventRounds "9"]
[EventCountry "POL"]
[SourceTitle "EXT 2004"]
[Source "ChessBase"]
[SourceDate "2003.11.25"]
[SourceVersion "1"]
[SourceVersionDate "2003.11.25"]
[SourceQuality "1"]

1. e4 e6 2. d4 d5 3. Nd2 c5 4. Ngf3 Nc6 5. exd5 exd5 6. Bb5 Bd6 7. dxc5 Bxc5 8. 0-0 Nge7 9. Nb3 Bb6 10. c3 0-0 11. Bd3 Ng6 12. Re1 Bg4 13. Be3 Nce5 14. Bxb6 axb6 15. Nbd4 Qf6 16. Be2 Bxf3 17. Nxf3 Rad8 18. Nxe5 Nxe5 19. Qd4 Nc4 20. Qxf6 gxf6 21. b3 Nd6 22. Bf3 Nb5 23. Rac1 Rc8 24. c4 dxc4 25. Bxb7 Rc5 26. Rxc4 Rxc4 27. bxc4 Nc3 28. a3 Rd8 29. g3 Rd4 30. Ba6 Rd2 31. Re3 Nd1 32. Rf3 Kg7 33. h4 Rc2 34. Kg2 h6 35. h5 Nb2 36. Rb3 Nxc4 37. Bxc4 Rxc4 38. Rxb6 Ra4 39. Rb3 f5 40. f4 Kf6 41. Kf2 Kg7 42. Ke2 Kf6 43. Kd2 Kg7 44. Kc2 Kf6 45. Rb6+ Ke7 46. Kb3 Rd4 47. Rc6 Rd3+ 48. Rc3 Rd1 49. a4 Rb1+ 50. Ka2 Rb8 51. a5 Kd6 52. a6 Ra8 53. Ra3 Ra7 54. Ra5 Kc7 55. Kb3 Kb6 56. Kb4 f6 57. Rb5+ 1-0

[Event "Warsaw"]
[Site "Warsaw"]
[Date "1988.??.??"]
[Round "12"]
[White "Marszalek, Rafal"]
[Black "Briestensky, Rastislav"]
[Result "1-0"]
[WhiteElo "2310"]
[BlackElo "2245"]
[PlyCount "60"]
[EventDate "1988.??.??"]
[EventType "tourn"]
[EventRounds "13"]
[EventCountry "POL"]
[EventCategory "4"]
[SourceTitle "EXT 1997"]
[Source "ChessBase"]
[SourceDate "1996.11.15"]
[SourceVersion "1"]
[SourceVersionDate "1996.11.15"]
[SourceQuality "1"]

1. c4 e5 2. g3 Nc6 3. Bg2 g6 4. e4 Bg7 5. Nc3 d6 6. Nge2 Nge7 7. d3 0-0 8. 0-0 f5 9. Nd5 fxe4 10. dxe4 Bg4 11. f3 Be6 12. Be3 b6 13. Qd2 Qd7 14. Rad1 a5 15. b3 Nd8 16. Nec3 Nf7 17. a3 Ra7 18. Rc1 Rb7 19. Nxe7+ Qxe7 20. Nd5 Qd7 21. Rfd1 Rfb8 22. Bf1 Rf8 23. Be2 Nd8 24. b4 axb4 25. axb4 Nc6 26. c5 bxc5 27. bxc5 Rbb8 28. cxd6 cxd6 29. Rc2 Nd4 30. Bxd4 exd4 1-0

[Event "Berlin East AdW 4th"]
[Site "Berlin East"]
[Date "1987.09.05"]
[Round "9"]
[White "Knaak, Rainer"]
[Black "Marszalek, Rafal"]
[Result "1-0"]
[WhiteElo "2530"]
[BlackElo "2310"]
[PlyCount "95"]
[EventDate "1987.08.28"]
[EventType "tourn"]
[EventRounds "11"]
[EventCountry "DDR"]
[EventCategory "6"]
[SourceTitle "EXT 1999"]
[Source "ChessBase"]
[SourceDate "1998.11.16"]
[SourceVersion "1"]
[SourceVersionDate "1998.11.16"]
[SourceQuality "1"]

1. d4 d5 2. c4 c6 3. Nf3 Nf6 4. Nc3 dxc4 5. a4 Bg4 6. Ne5 Bh5 7. f3 Nfd7 8. Nxc4 e5 9. Ne4 Bb4+ 10. Bd2 Qe7 11. dxe5 0-0 12. Rc1 b5 13. Bxb4 Qxb4+ 14. Qd2 Qxa4 15. Ncd6 Bg6 16. Nc3 Qb4 17. f4 Na6 18. e4 Ndc5 19. Rd1 Bh5 20. Be2 Nb3 21. Qe3 Bxe2 22. Qxe2 Qc5 23. Qf2 Qxf2+ 24. Kxf2 Nac5 25. Nf5 b4 26. Na2 a5 27. Ne7+ Kh8 28. Ke3 Na4 29. Rd3 c5 30. Rb1 Ra7 31. Nf5 c4 32. Rd5 Nbc5 33. Nd6 c3 34. bxc3 b3 35. Nc1 Nxc3 36. Nxb3 Nxb1 37. Nxc5 a4 38. Nb5 Ra5 39. Nb7 Raa8 40. Rd1 Rab8 41. N7d6 Na3 42. Nxa3 Rb3+ 43. Rd3 Rfb8 44. Nab5 Rb2 45. Nxf7+ Kg8 46. Nfd6 Rxg2 47. e6 Kf8 48. Nf5 1-0

[Event "Berlin East AdW 4th"]
[Site "Berlin East"]
[Date "1987.09.04"]
[Round "8"]
[White "Marszalek, Rafal"]
[Black "Szitkey, Milan"]
[Result "1-0"]
[WhiteElo "2310"]
[BlackElo "2360"]
[PlyCount "41"]
[EventDate "1987.08.28"]
[EventType "tourn"]
[EventRounds "11"]
[EventCountry "DDR"]
[EventCategory "6"]
[SourceTitle "EXT 1999"]
[Source "ChessBase"]
[SourceDate "1998.11.16"]
[SourceVersion "1"]
[SourceVersionDate "1998.11.16"]
[SourceQuality "1"]

1. d4 Nf6 2. Nf3 g6 3. Bg5 Bg7 4. Nbd2 d5 5. e3 0-0 6. Bd3 c5 7. c3 Nc6 8. 0-0 b6 9. Qe2 Bb7 10. h3 a5 11. a4 Re8 12. Rad1 Nd7 13. e4 cxd4 14. exd5 Nce5 15. Bb5 Nxf3+ 16. Nxf3 dxc3 17. bxc3 Bxc3 18. d6 f6 19. Qe6+ Kh8 20. Bxd7 fxg5 21. Nxg5 1-0

[Event "Berlin East AdW 4th"]
[Site "Berlin East"]
[Date "1987.09.02"]
[Round "6"]
[White "Marszalek, Rafal"]
[Black "Sapis, Witalis"]
[Result "0-1"]
[WhiteElo "2310"]
[BlackElo "2460"]
[PlyCount "190"]
[EventDate "1987.08.28"]
[EventType "tourn"]
[EventRounds "11"]
[EventCountry "DDR"]
[EventCategory "6"]
[SourceTitle "EXT 1999"]
[Source "ChessBase"]
[SourceDate "1998.11.16"]
[SourceVersion "1"]
[SourceVersionDate "1998.11.16"]
[SourceQuality "1"]

1. d4 Nf6 2. Nf3 d6 3. c4 Nbd7 4. Nc3 c6 5. Bg5 h6 6. Bh4 g5 7. Bg3 Nh5 8. e3 Bg7 9. Be2 Ndf6 10. 0-0 Bd7 11. Rc1 a6 12. b4 b5 13. a4 bxa4 14. Nxa4 a5 15. b5 cxb5 16. cxb5 0-0 17. Nc3 Qb8 18. d5 Nxg3 19. hxg3 Rc8 20. Nd4 Rc5 21. Nc6 Qe8 22. Na4 Rxc1 23. Qxc1 Nxd5 24. Bf3 Bxc6 25. Qxc6 Qxc6 26. bxc6 Nc7 27. Rb1 d5 28. Rb7 Be5 29. Nb6 Rd8 30. Ra7 e6 31. Rxa5 Rb8 32. Nd7 Rb1+ 33. Kh2 Bd6 34. e4 dxe4 35. Nf6+ Kf8 36. Nxe4 Ke7 37. Nxd6 Kxd6 38. Ra2 Rc1 39. g4 f6 40. Rb2 Nd5 41. Rb8 Rxc6 42. Rh8 Rc2 43. Kg3 Nf4 44. Rxh6 Ke5 45. Rh1 Nd3 46. Rf1 f5 47. gxf5 exf5 48. Ra1 Nxf2 49. Ra5+ Kf6 50. Ra6+ Ke7 51. Ra7+ Kd6 52. Ra6+ Kc7 53. Rg6 g4 54. Rf6 Nh1+ 55. Kf4 gxf3 56. gxf3 Rc3 57. Rxf5 Kd6 58. Rh5 Rc4+ 59. Ke3 Ng3 60. Ra5 Ke6 61. Ra6+ Kf5 62. Ra5+ Kg6 63. Kd3 Rb4 64. Rc5 Nf5 65. Rc4 Rb5 66. Rg4+ Kf6 67. Rc4 Ke5 68. Re4+ Kd5 69. Rf4 Nd6 70. Ra4 Rb3+ 71. Ke2 Nc4 72. Kf2 Ne5 73. f4 Nd3+ 74. Kg2 Nb4 75. Ra1 Ke4 76. Ra8 Nc6 77. Ra4+ Kf5 78. Rc4 Nb4 79. Rc8 Nd3 80. Rf8+ Kg4 81. Rg8+ Kxf4 82. Rf8+ Ke4 83. Re8+ Ne5 84. Kf2 Rb7 85. Kg3 Rf7 86. Kg2 Rf5 87. Kg3 Ke3 88. Re6 Rg5+ 89. Kh4 Rg1 90. Re8 Ke4 91. Kh3 Rg7 92. Kh2 Kf4 93. Rf8+ Ke3 94. Re8 Kf2 95. Rf8+ Nf3+ 0-1

[Event "Berlin East AdW 4th"]
[Site "Berlin East"]
[Date "1987.09.01"]
[Round "5"]
[White "Zurek, Milan"]
[Black "Marszalek, Rafal"]
[Result "1-0"]
[WhiteElo "2360"]
[BlackElo "2310"]
[PlyCount "109"]
[EventDate "1987.08.28"]
[EventType "tourn"]
[EventRounds "11"]
[EventCountry "DDR"]
[EventCategory "6"]
[SourceTitle "EXT 1999"]
[Source "ChessBase"]
[SourceDate "1998.11.16"]
[SourceVersion "1"]
[SourceVersionDate "1998.11.16"]
[SourceQuality "1"]

1. Nf3 d5 2. b3 c6 3. g3 Nf6 4. Bb2 Bg4 5. Bg2 Nbd7 6. 0-0 e6 7. d3 Bc5 8. Nbd2 0-0 9. e4 dxe4 10. dxe4 e5 11. Qe2 Qe7 12. h3 Bxf3 13. Nxf3 Ba3 14. Bc3 Qc5 15. Be1 a5 16. c3 Rfe8 17. Rd1 Rad8 18. Nd2 Nb6 19. Nb1 Rxd1 20. Qxd1 Qd6 21. Qxd6 Bxd6 22. Bd2 h6 23. Rd1 Bc5 24. Kf1 Rd8 25. Ke2 Be7 26. Bc1 Rxd1 27. Kxd1 Nfd7 28. Ke2 Kf8 29. Nd2 Ke8 30. Nf1 Bg5 31. Ne3 g6 32. h4 Be7 33. h5 Nf6 34. hxg6 fxg6 35. Kd3 Kd8 36. Bh3 Kc7 37. Ng4 Nxg4 38. Bxg4 h5 39. Be6 g5 40. Bf7 h4 41. gxh4 gxh4 42. Be6 a4 43. Ke2 axb3 44. axb3 Nd7 45. Bxd7 Kxd7 46. Be3 c5 47. c4 Kc6 48. Kf3 b5 49. Kg4 bxc4 50. bxc4 Kb6 51. Bd2 Ka6 52. f3 Bd8 53. Be1 h3 54. Kxh3 Kb7 55. Kg4 1-0

[Event "Berlin East AdW 4th"]
[Site "Berlin East"]
[Date "1987.08.31"]
[Round "4"]
[White "Marszalek, Rafal"]
[Black "Tischbierek, Raj"]
[Result "1/2-1/2"]
[WhiteElo "2310"]
[BlackElo "2480"]
[PlyCount "67"]
[EventDate "1987.08.28"]
[EventType "tourn"]
[EventRounds "11"]
[EventCountry "DDR"]
[EventCategory "6"]
[SourceTitle "EXT 1999"]
[Source "ChessBase"]
[SourceDate "1998.11.16"]
[SourceVersion "1"]
[SourceVersionDate "1998.11.16"]
[SourceQuality "1"]

1. Nf3 d5 2. d4 Nf6 3. c4 e6 4. e3 Be7 5. Nc3 0-0 6. Bd3 b6 7. 0-0 Bb7 8. b3 c5 9. Bb2 cxd4 10. Nxd4 dxc4 11. Bxc4 Nbd7 12. Rc1 a6 13. Be2 Ne5 14. f4 Ng6 15. Bf3 Bxf3 16. Qxf3 Bc5 17. Rfd1 Qe8 18. Na4 e5 19. Nf5 e4 20. Qg3 Qe6 21. Nxg7 Kxg7 22. Nxc5 bxc5 23. f5 Qxf5 24. Rf1 Qh5 25. Rxf6 Kg8 26. Rcf1 Rad8 27. R6f5 Qh4 28. Qxh4 Nxh4 29. Rg5+ Ng6 30. Rxc5 Rd2 31. Rf2 Rd1+ 32. Rf1 Rd2 33. Rf2 Rd1+ 34. Rf1 1/2-1/2

[Event "POL-chT 43rd"]
[Site "Jachranka"]
[Date "1987.??.??"]
[Round "7"]
[White "Dobosz, Henryk"]
[Black "Marszalek, Rafal"]
[Result "1/2-1/2"]
[WhiteElo "2395"]
[BlackElo "2310"]
[PlyCount "149"]
[EventDate "1987.09.23"]
[EventType "team-tourn"]
[EventRounds "11"]
[EventCountry "POL"]
[SourceTitle "EXT 2019"]
[Source "ChessBase"]
[SourceDate "2018.10.10"]
[SourceVersion "1"]
[SourceVersionDate "2018.10.10"]
[SourceQuality "1"]
[WhiteTeam "Katowice Kolejarz"]
[BlackTeam "Warszawa Legion"]
[WhiteTeamCountry "POL"]
[BlackTeamCountry "POL"]

1. d4 d5 2. c4 c6 3. Nf3 Nf6 4. e3 e6 5. Bd3 Nbd7 6. Nbd2 Bd6 7. e4 dxe4 8. Nxe4 Nxe4 9. Bxe4 e5 10. 0-0 exd4 11. Qxd4 Qf6 12. Bg5 Qxd4 13. Nxd4 0-0 14. Nf5 Bc5 15. Rad1 Nb6 16. b3 Bxf5 17. Bxf5 h6 18. Bf4 a5 19. h4 Rfe8 20. Rfe1 g6 21. Bh3 h5 22. Rxe8+ Rxe8 23. Kf1 a4 24. Bc7 axb3 25. axb3 Na8 26. Bd8 f5 27. g3 Kf7 28. Bg2 Be7 29. Ba5 Ke6 30. Bf3 Rc8 31. Bd2 Nc7 32. Ke2 Na6 33. Kd3 Nc5+ 34. Kc2 Ra8 35. Re1+ Kd7 36. Bb4 Ne6 37. Rd1+ Ke8 38. Bxe7 Ra2+ 39. Kc3 Rxf2 40. Bd5 cxd5 41. cxd5 Rf3+ 42. Kc4 Rxg3 43. Bf6 Rg4+ 44. Kb5 Nc7+ 45. Kb6 Kd7 46. Rd3 Rb4+ 47. Ka7 Rb5 48. Rg3 Nxd5 49. Rxg6 Rxb3 50. Bg5 f4 51. Rg8 f3 52. Rf8 Ke6 53. Kb8 b5 54. Kb7 Rc3 55. Bd2 Rd3 56. Bc1 b4 57. Ka6 Rd1 58. Bh6 b3 59. Bg7 Rd3 60. Kb5 Ne7 61. Kc4 Re3 62. Rf6+ Kd7 63. Rf7 Kc6 64. Rf6+ Kc7 65. Rf7 Kd7 66. Kc5 Kd8 67. Rf8+ Kc7 68. Rf7 Kd7 69. Kc4 Kd6 70. Rf6+ Kc7 71. Rf7 Kc6 72. Rf6+ Kb7 73. Rf7 Ka6 74. Rf6+ Kb7 75. Rf7 1/2-1/2

[Event "POL-chT 43rd"]
[Site "Jachranka"]
[Date "1987.??.??"]
[Round "4"]
[White "Marszalek, Rafal"]
[Black "Lipski, Tadeusz"]
[Result "1-0"]
[WhiteElo "2310"]
[BlackElo "2230"]
[PlyCount "85"]
[EventDate "1987.09.23"]
[EventType "team-tourn"]
[EventRounds "11"]
[EventCountry "POL"]
[SourceTitle "EXT 2019"]
[Source "ChessBase"]
[SourceDate "2018.10.10"]
[SourceVersion "1"]
[SourceVersionDate "2018.10.10"]
[SourceQuality "1"]
[WhiteTeam "Warszawa Legion"]
[BlackTeam "Swidnik Avia"]
[WhiteTeamCountry "POL"]
[BlackTeamCountry "POL"]

1. Nf3 Nf6 2. g3 Nc6 3. c4 e5 4. Nc3 d5 5. cxd5 Nxd5 6. Bg2 Nb6 7. 0-0 Be7 8. d3 0-0 9. Be3 Bg4 10. a3 f6 11. Rc1 Nd4 12. Bxd4 exd4 13. Ne4 c6 14. Nc5 Bxc5 15. Rxc5 Qe7 16. Rc2 Rad8 17. Qd2 Rfe8 18. Qa5 Rd5 19. Qxa7 Rb5 20. Nxd4 Ra8 21. Nxb5 Rxa7 22. Nxa7 Qe5 23. b4 Qb8 24. Nxc6 bxc6 25. Bxc6 Be6 26. Rfc1 h5 27. h4 Kf7 28. Rc5 Nd7 29. Bxd7 Bxd7 30. b5 g5 31. hxg5 fxg5 32. a4 h4 33. Rxg5 h3 34. Rc4 Kf6 35. Rgc5 Qa8 36. f3 Bf5 37. Rf4 Qa5 38. Rfxf5+ Kg6 39. Rg5+ Kf6 40. Rgf5+ Kg6 41. Kh2 Qe1 42. Rg5+ Kf6 43. Kxh3 1-0

[Event "POL-chT 43rd"]
[Site "Jachranka"]
[Date "1987.??.??"]
[Round "1"]
[White "Szopka, Dariusz"]
[Black "Marszalek, Rafal"]
[Result "0-1"]
[WhiteElo "2220"]
[BlackElo "2310"]
[PlyCount "66"]
[EventDate "1987.09.23"]
[EventType "team-tourn"]
[EventRounds "11"]
[EventCountry "POL"]
[SourceTitle "EXT 2019"]
[Source "ChessBase"]
[SourceDate "2018.10.10"]
[SourceVersion "1"]
[SourceVersionDate "2018.10.10"]
[SourceQuality "1"]
[WhiteTeam "Czestochowa Skra-Komobex"]
[BlackTeam "Warszawa Legion"]
[WhiteTeamCountry "POL"]
[BlackTeamCountry "POL"]

1. e4 e6 2. d4 d5 3. e5 c5 4. c3 Qb6 5. Nf3 Bd7 6. Bd3 Bb5 7. 0-0 Bxd3 8. Qxd3 Qa6 9. Qd1 Nd7 10. Be3 Rc8 11. a4 cxd4 12. cxd4 Ne7 13. Na3 Nc6 14. Ng5 Bxa3 15. Rxa3 Ne7 16. Qh5 Ng6 17. Rc1 Rxc1+ 18. Bxc1 f6 19. Rc3 Ndf8 20. exf6 gxf6 21. Nf3 Qxa4 22. h3 Qd7 23. Bf4 Kd8 24. Qh6 Rg8 25. Rc7 Qb5 26. Nh4 e5 27. dxe5 fxe5 28. Bxe5 Nxe5 29. Rc1 Qb6 30. Qf4 Qd6 31. Nf5 Qf6 32. Rc5 Nfd7 33. Rxd5 Rf8 0-1

[Event "Litomerice 1st"]
[Site "Litomerice"]
[Date "1986.09.03"]
[Round "10"]
[White "Kupka, Slavoj"]
[Black "Marszalek, Rafal"]
[Result "1/2-1/2"]
[WhiteElo "2355"]
[BlackElo "2345"]
[PlyCount "58"]
[EventDate "1986.08.26"]
[EventType "tourn"]
[EventRounds "11"]
[EventCountry "CSR"]
[EventCategory "3"]
[SourceTitle "EXT 2010"]
[Source "ChessBase"]
[SourceDate "2010.11.25"]
[SourceVersion "1"]
[SourceVersionDate "2010.11.25"]
[SourceQuality "1"]

1. d4 d5 2. Nf3 Nf6 3. c4 c6 4. e3 Bf5 5. Nc3 e6 6. Bd3 Bb4 7. 0-0 0-0 8. Bxf5 exf5 9. cxd5 cxd5 10. Bd2 Nc6 11. Qb3 Re8 12. Rfd1 Bxc3 13. Bxc3 Qb6 14. Ne5 Rad8 15. Qxb6 axb6 16. Nd3 Ra8 17. Rdc1 Rec8 18. Kf1 g6 19. b3 Rc7 20. Rc2 Rac8 21. Be1 Nd8 22. Rxc7 Rxc7 23. Rc1 Rxc1 24. Nxc1 Nc6 25. Nd3 g5 26. f3 Kf8 27. h3 Ke7 28. g4 fxg4 29. hxg4 h5 1/2-1/2

[Event "Litomerice 1st"]
[Site "Litomerice"]
[Date "1986.09.01"]
[Round "8"]
[White "Babula, Milan"]
[Black "Marszalek, Rafal"]
[Result "1/2-1/2"]
[WhiteElo "2365"]
[BlackElo "2345"]
[PlyCount "72"]
[EventDate "1986.08.26"]
[EventType "tourn"]
[EventRounds "11"]
[EventCountry "CSR"]
[EventCategory "3"]
[SourceTitle "EXT 2010"]
[Source "ChessBase"]
[SourceDate "2010.11.25"]
[SourceVersion "1"]
[SourceVersionDate "2010.11.25"]
[SourceQuality "1"]

1. e4 e6 2. d4 d5 3. Nd2 c5 4. exd5 exd5 5. Bb5+ Nc6 6. Ne2 Nf6 7. 0-0 Bd6 8. dxc5 Bxc5 9. Nb3 Bb6 10. Bg5 0-0 11. c3 a6 12. Bd3 h6 13. Bh4 g5 14. Bg3 Ng4 15. Nbd4 Nxd4 16. Nxd4 Bxd4 17. cxd4 f5 18. h3 f4 19. hxg4 fxg3 20. fxg3 Rxf1+ 21. Qxf1 Bxg4 22. Bf5 Qb6 23. Bxg4 Qxd4+ 24. Qf2 Qxg4 25. Qb6 Rf8 26. Qg6+ Kh8 27. Re1 Qd4+ 28. Kh2 Qf6 29. Qd3 d4 30. Qb3 Qg7 31. Re6 Rf6 32. Re8+ Rf8 33. Qe6 Rxe8 34. Qxe8+ Kh7 35. Qe4+ Kg8 36. Qd5+ Kh7 1/2-1/2

[Event "Litomerice 1st"]
[Site "Litomerice"]
[Date "1986.08.29"]
[Round "5"]
[White "Gerogiannis, Christodoulos"]
[Black "Marszalek, Rafal"]
[Result "1-0"]
[WhiteElo "2310"]
[BlackElo "2345"]
[PlyCount "82"]
[EventDate "1986.08.26"]
[EventType "tourn"]
[EventRounds "11"]
[EventCountry "CSR"]
[EventCategory "3"]
[SourceTitle "EXT 2010"]
[Source "ChessBase"]
[SourceDate "2010.11.25"]
[SourceVersion "1"]
[SourceVersionDate "2010.11.25"]
[SourceQuality "1"]

1. d4 f5 2. g4 fxg4 3. e4 d6 4. h3 Nf6 5. Nc3 e5 6. d5 c6 7. hxg4 Bxg4 8. f3 Bc8 9. Be3 Qa5 10. Qd2 c5 11. Bh3 Na6 12. a4 Nc7 13. Ra3 Bxh3 14. Nxh3 0-0-0 15. Ng5 Rd7 16. Nb5 Qxd2+ 17. Kxd2 Nxb5 18. axb5 b6 19. Ne6 g6 20. Bg5 Nh5 21. Rha1 a5 22. bxa6 Kb8 23. a7+ Ka8 24. Kc3 Be7 25. Bxe7 Rxe7 26. Kc4 Ng7 27. Nxg7 Rxg7 28. Kb5 h5 29. Ra6 h4 30. Rxb6 Rb7 31. Rxb7 Kxb7 32. Kc4 h3 33. Kd3 g5 34. Ke3 h2 35. Rh1 Kxa7 36. Kf2 Rh4 37. Kg3 Rf4 38. Rxh2 g4 39. fxg4 Rxe4 40. g5 Re3+ 41. Kg4 Kb6 1-0